书目信息 |
| 题名: |
矿产资源勘查学
|
|
| 作者: | 阳正熙 编著 | |
| 分册: | ||
| 出版信息: | 北京 科学出版社 2006 |
|
| 页数: | 337页 | |
| 开本: | 24cm | |
| 丛书名: | ||
| 单 册: | ||
| 中图分类: | P624 | |
| 科图分类: | ||
| 主题词: | 矿产资源--地质勘探--高等学校--教材 | |
| 电子资源: | ||
| ISBN: | 7-03-016814-3 | |
| 000 | 00846nam0 2200229 450 | |
| 001 | 1537944769 | |
| 005 | 20150116103311.53 | |
| 010 | @a7-03-016814-3@dCNY36.00 | |
| 100 | @a20060119d2006 em y0chiy50 ea | |
| 101 | 0 | @achi |
| 102 | @aCN@b110000 | |
| 105 | @aa z 000yy | |
| 200 | 1 | @a矿产资源勘查学@Akuang chan zi yuan kan cha xue@f阳正熙编著 |
| 210 | @a北京@c科学出版社@d2006 | |
| 215 | @a337页@c图@d24cm | |
| 300 | @a21世纪高等院校教材 | |
| 330 | @a本书从成矿规律、成矿模型、成矿预测方法及勘查项目等方面系统地论述了靶区圈定战略;从遥感技术和矿产地质填图、地球物理、地球化学及探矿工程方面详细地阐明了现代矿产堪查技术体系;并从多方面地归纳了矿产勘查的方法学体系。 | |
| 606 | 0 | @a矿产资源@x地质勘探@x高等学校@j教材 |
| 690 | @aP624@v5 | |
| 701 | 0 | @a阳正熙@Ayang zheng xi@4编著 |
| 801 | 0 | @aCN@bTSSF@c20150115 |
| 905 | @aZUCC@dP624@eJY29 | |
| 矿产资源勘查学/阳正熙编著.-北京:科学出版社,2006 |
| 337页:图;24cm |
| 21世纪高等院校教材 |
| ISBN 7-03-016814-3:CNY36.00 |
| 本书从成矿规律、成矿模型、成矿预测方法及勘查项目等方面系统地论述了靶区圈定战略;从遥感技术和矿产地质填图、地球物理、地球化学及探矿工程方面详细地阐明了现代矿产堪查技术体系;并从多方面地归纳了矿产勘查的方法学体系。 |
| ● |
| 相关链接 |
|
|
|
|
正题名:矿产资源勘查学
索取号:P624/JY29
 
预约/预借
| 序号 | 登录号 | 条形码 | 馆藏地/架位号 | 状态 | 备注 |
| 1 | 7851815 | 278518150 | 学院路分馆/ [索取号:P624/JY29] | 在馆 | |
| 2 | 7851816 | 278518169 | 学院路分馆/ [索取号:P624/JY29] | 在馆 |